000 00566nam a2200205Ia 4500
005 20250508161712.0
008 008 250505s9999 xx 000 0 eng d
037 _aTextual
040 _aFEDL
_beng
_cFEDL
041 _aeng
_2eng
084 _a353.6, SMI
_qFEDL
100 _aSmith Mark E.
_9771395
245 0 _aAmerican defense policy
250 _a2nd
260 _aBaltimore
_bJohns Hopkins University Press
_c1968
300 _axvii,551p.
700 _a Johns Claude J.
_9771396
942 _cTEXL
_h353.6, SMI
999 _c1371629
_d1371629